000 00652nam a2200229Ia 4500
003 OSt
005 20221007081911.0
006 a|||||r|||| 00| 0
007 ta
008 221006b |||||||| |||| 00| 0 eng d
024 _a28,104
037 _cReports / Technical Reports
040 _aFLL
_cFLL
_beng
041 _2eng
_aeng
082 _aZ73:4, G4.3
100 _aA.L.I.
_9698253
245 0 _aRestatement of the law of torts
260 _aSt. Paul ,
_bAmerican Law Institute Publishers Minn.
_c1933
300 _axxvi,759p
_ccm.
942 _hZ73:4, G4.3
_cREP
_2CC
999 _c1164640
_d1164640